| 000 | 00535nam a2200205 a 4500 | ||
|---|---|---|---|
| 999 |
_c8222 _d8222 |
||
| 003 | BD-JhCC | ||
| 005 | 20180219133237.0 | ||
| 008 | 180219s1987 b a|||| || | 000 0 eng d | ||
| 035 | _a(BD-JhCC) | ||
| 040 |
_aBD-JhCC _dBD-JhCC |
||
| 041 | _aeng | ||
| 082 |
_a708.95492 _bMAH 1987 |
||
| 100 | _aMahmud, Firoz | ||
| 245 |
_aThe Museums in Bangladesh / _cFiroz Mahmud and Habibur Rahman |
||
| 260 |
_aDhaka : _bBangla Academy, _c1987. |
||
| 300 |
_a582 p. : _bill. ; _c24 cm. |
||
| 650 | _a10638 | ||
| 942 |
_2ddc _cBK |
||